| 000 | 00801nam a2200205 a 4500 | ||
|---|---|---|---|
| 003 | 0 | ||
| 005 | 20250616141204.0 | ||
| 008 | 021115s19uu xx 00 eng d | ||
| 050 |
_aPGS LB 2840 _b.M696 1999 |
||
| 100 | _aMogami, Ricci Ortega. | ||
| 245 |
_aThe effect of the behavior of the Southville International School students to their teachers / _cRicci Ortega.Mogami. |
||
| 260 |
_aLas PiƱas City, Philippines : _bSouthville International School and Colleges, _c1999. |
||
| 300 |
_a30 pages : _bcolored illustrations ; _c28 cm. |
||
| 504 | _aIncludes bibliographical references. | ||
| 650 |
_aStudent behavior _vCase studies. |
||
| 650 |
_aTeacher-student relationships _vPsychological aspects. |
||
| 650 |
_aTeachers _vJob stress. |
||
| 650 | _aClassroom environment. | ||
| 942 |
_2lcc _cPASS |
||
| 999 |
_c96168 _d96168 |
||